000 00384nam a2200145Ia 4500
008 231129s1998||||xx |||||||||||||| ||spa||
020 _a950-15-1747-0
040 _bspa
082 _aR 613.7148 M143m
100 _aMcFarlane Stewart
245 0 _aManual completo de T'ai chi
260 _c1998
264 _aJavier Vergara
942 _2ddc
_cBKS
999 _c20310
_d20310